| 000 | 00560nam a22001817a 4500 | ||
|---|---|---|---|
| 005 | 20251128113313.0 | ||
| 008 | 251125b |||||||| |||| 00| 0 eng d | ||
| 020 | _a978-81-19613-48-9 | ||
| 041 | _aeng | ||
| 082 | _a615.32 AGA-P | ||
| 100 |
_aAGARWAL, SURUCHI & DIPTEE, GUPTA AND KHARE, SHRUTI _98813 |
||
| 245 | _aPRINCIPLES OF PHYSICAL PHARMACEUTICS: FUNDAMENTALS AND APPLICATIONS [ PART-II] | ||
| 250 | _a1ST ED, 2024 | ||
| 260 |
_aNEW DELHI _bINNOVATIVE PUBLICATIONS PVT LTD _c2025 |
||
| 300 | _a139;P | ||
| 650 |
_aPHARMACY _xB.PHARMA |
||
| 942 | _cBK | ||
| 999 |
_c8993 _d8991 |
||